ბათუმის შოთა რუსთაველის სახელმწიფო უნივერსიტეტის ბიბლიოთეკა

Мировая экономика и международные отношения Том 61, №12. Декабрь 2017 (ბიბ.ჩანაწერი № 55328)

000 -LEADER
fixed length control field 00586nam a2200157Ia 4500
001 - CONTROL NUMBER
control field 22406
003 - CONTROL NUMBER IDENTIFIER
control field GE_BSU
008 - FIXED-LENGTH DATA ELEMENTS--GENERAL INFORMATION
fixed length control field 181216s||||||||xx |||||||||||||| ||und||
040 ## - CATALOGING SOURCE
Transcribing agency GE_BSU
245 ## - TITLE STATEMENT
Title Мировая экономика и международные отношения Том 61, №12. Декабрь 2017
245 ## - TITLE STATEMENT
Statement of responsibility, etc. Гл.ред.А.В Рябов.
653 ## - INDEX TERM--UNCONTROLLED
Uncontrolled term Мировая экономика и международные отношения Том 61, №12. Декабрь 2017
653 ## - INDEX TERM--UNCONTROLLED
Uncontrolled term Периодика
653 ## - INDEX TERM--UNCONTROLLED
Uncontrolled term პერიოდიკა
942 ## - ADDED ENTRY ELEMENTS (KOHA)
Koha item type პერიოდიკა

არაა ხელმისაწვდომი ეგზემპლარები.